Are you Killing Your Child: (Record no. 182880)

MARC details
000 -LEADER
fixed length control field 00555 a2200181 4500
005 - DATE AND TIME OF LATEST TRANSACTION
control field 20211208163034.0
010 ## - LCCN (DPL NO)
LC control number ENG-130246
020 ## - INTERNATIONAL STANDARD BOOK NUMBER
Terms of availability 120.00
International Standard Book Number 978-81-87952-36-7
035 ## - SYSTEM CONTROL NUMBER
System control number EN-113778
037 ## - SOURCE OF ACQUISITION
Source of stock number/acquisition DBAD / PUB
082 ## - DEWEY DECIMAL CLASSIFICATION NUMBER
Classification number 649.12
245 ## - TITLE STATEMENT
Title Are you Killing Your Child:
Remainder of title S.C. Kakar
250 ## - EDITION STATEMENT
Edition statement 2013
260 ## - PUBLICATION, DISTRIBUTION, ETC. (IMPRINT)
Place of publication, distribution, etc Kolkata
Name of publisher, distributor, etc Mark-Age Services Pvt. Ltd
Date of publication, distribution, etc 2013
270 ## - ADDRESS
Address G-1, Ground Floor, 334, Nath Para
City Kolkata
Postal code 700084
Electronic mail address markage.india@sify.com
300 ## - PHYSICAL DESCRIPTION
Extent 128p.
Dimensions 21cm (pbk)
942 ## - ADDED ENTRY ELEMENTS (KOHA)
Institution code [OBSOLETE] dpl
Item type English Books
Source of classification or shelving scheme Dewey Decimal Classification
Classification part 649.12
Call number suffix KAK
Holdings
Withdrawn status Lost status Not for loan Collection code Home library Current library Date acquired Source of acquisition Cost, normal purchase price Full call number Barcode Copy number Cost, replacement price Koha item type
      Non-fiction Bawana Bawana 08/12/2021 DBAD/PUB 120.00 649.12 KAK EN-113778 1 120.00 English Books

© Delhi Public Library
Hit Counter
free hit counter